[Event "Olympiad-36"]
[Site "Mallorca"]
[Date "2004.10.28"]
[Round "13"]
[White "Manik, Mikulas"]
[Black "Parligras, Mircea Emilian"]
[Result "1/2-1/2"]
[WhiteElo "2510"]
[BlackElo "2559"]
[Annotator "Roiz,M"]
[PlyCount "51"]
[EventDate "2004.10.15"]
[EventType "team-swiss"]
[EventRounds "14"]
[EventCountry "ESP"]
[SourceTitle "CBM 104"]
[Source "ChessBase"]
[SourceDate "2005.01.27"]
[SourceVersion "1"]
[SourceVersionDate "2005.01.27"]
[SourceQuality "1"]
[WhiteTeam "Slovakia"]
[BlackTeam "Romania"]
[WhiteTeamCountry "SVK"]
[BlackTeamCountry "ROU"]

1. e4 c5 2. Nf3 Nc6 3. Nc3 Nf6 {Nowdays that move is one of black's most
popular weapons against 3.Bb5.} 4. Bb5 Qc7 5. O-O Nd4 6. Re1 {The main
continuation.} (6. Nxd4 {has gained some popularity after the game Anand-Leko,
Linares 2003.} cxd4 7. Nd5 Nxd5 8. exd5 Qc5 {[%csl Gb5,Gd5]} 9. c4 $1 a6 ({
Opening up the position is clearly in white's favour} 9... dxc3 $2 {Avrukh,B}
10. Qb3 $1 {and white was clearly better in Anand-Leko 2003}) 10. b4 Qxb4 11.
Ba4 b5 $1 $146 ({Before black tried:} 11... g6 12. d3 b5 13. Bb3 Bg7 14. Bd2 $6
(14. a4 $142 $1 $36 {[%cal Gc1a3]}) 14... Qd6 15. Qe1 bxc4 16. Bb4 Qe5 17. dxc4
a5 18. Bxa5 Qxe1 19. Bxe1 d6 $11 {1/2-1/2 Ulibin,M-Gagunashvili,M/Dubai UAE
2003/The Week in Chess 442 (26)}) 12. cxb5 g6 13. b6 $5 (13. d6 $5 {was very
interesting try, but after right} axb5 14. Bb3 {[%cal Gd1f3]} (14. dxe7 Bxe7
15. Bb3 O-O 16. Qf3 Rb8 $11 {[%cal Gc8b7]}) 14... Bb7 $1 15. dxe7 Bxe7 16. Re1
O-O 17. d3 Rfe8 18. Bf4 Bd6 $1 $11 {black holds successfully}) 13... Bg7 14. d3
O-O 15. Bg5 Bb7 16. Re1 e6 17. dxe6 {1/2-1/2 Ulibin,M-Avrukh,B/Biel 2003/CBM
95 ext/[Avrukh,B] (17)}) 6... a6 (6... e5 7. Bc4 Be7 8. d3 d6 9. Nd2 Bg4 10. f3
Be6 11. Nf1 Nd7 12. Nd5 Bxd5 13. Bxd5 Nf6 14. Ne3 Nxd5 15. Nxd5 Qd8 16. f4 $14
{1-0 Volokitin,A-Gagunashvili,M/Batumi 2003/CBM 95 ext (69)}) 7. Bf1 {That
retreat looks a bit passively, but it's quite the most popular nowdays. The
point is that now the exchange on d4 is possible, while after 7.Bc4 the bishop
may be vulnerable.} ({The alternatives are:} 7. e5 Nxb5 8. exf6 Nxc3 (8... gxf6
9. Ne4 Bg7 10. d4 (10. c4 $5 Nd6 11. Nc3 $44) 10... Nxd4 11. Nxd4 cxd4 12. Qxd4
O-O 13. Ng3 d6 14. Qh4 Kh8 $15 {0-1 Papa,S-Cherniaev,A/Biel SUI 2004/The Week
in Chess 508 (40)}) 9. fxg7 Bxg7 10. dxc3 d6 11. Ng5 (11. Qd5 h6 12. Qh5 e5 13.
Nh4 Be6 14. f4 O-O-O 15. Be3 Rdg8 (15... Bf6 $5 16. Nf5 Kb8 $132) 16. Rad1 Bf8
17. f5 Bc4 18. a4 Qc6 19. Rd2 Rh7 20. b3 Bd5 21. c4 Be4 22. f6 $14 {1/2-1/2
Nedev,T-Atalik,S/Kansas USA 2003/The Week in Chess 476 (59)}) 11... Bf5 (11...
h6 {Postny} 12. Bf4 O-O 13. Ne4 f5 14. Nxd6 exd6 15. Bxd6 Qf7 16. Bxf8 Bxf8 17.
Qd8 $13 {1/2-1/2 Volokitin,A-Eljanov,P/Alushta 2002/EXT 2003 (36)}) 12. a4 (12.
g4 Bg6 13. f4 h6 14. Nf3 O-O-O 15. f5 Bh7 16. Qd5 e6 17. fxe6 fxe6 18. Qxe6+
Qd7 19. Qxd7+ Kxd7 $11 {1/2-1/2 Zeller,F-Pohl,W/Unterkochen 2003/EXT 2004 (26)}
) 12... Qc6 13. Qe2 Bf6 14. Ne4 Bxe4 15. Qxe4 Qxe4 16. Rxe4 d5 $11 {1/2-1/2
Anand,V-Kramnik,V/Linares 2003/CBM 94 (16)}) (7. Bc4 Ng4 $1 $146 {This novelty
puts on question white's last move.} (7... d6 8. Nd5 (8. h3 e6 9. a4 Be7 10. d3
O-O 11. Be3 Nxf3+ 12. Qxf3 b6 13. Ba2 Bb7 14. d4 cxd4 15. Bxd4 Bc6 $11 {
0-1 Nijboer,F-Van Wely,L/Leeuwarden NED 2004/The Week in Chess 505 (37)}) 8...
Nxd5 9. exd5 g6 10. Nxd4 cxd4 11. d3 h6 12. b4 Bg7 13. Qe2 Bf6 14. Qf3 Kf8 $132
{1/2-1/2 Kasparov,G-Leko,P/Linares 2003/CBM 94 (33)}) 8. d3 Nxf3+ 9. Qxf3 Qxh2+
10. Kf1 Ne5 (10... Qh5 $6 {Postny} 11. Bxf7+ Qxf7 12. Qxg4 $11) 11. Bxf7+ Nxf7
12. Bf4 Qh4 $6 ({Clearly stronger would have been} 12... Ne5 $1 13. Bxh2 Nxf3
14. gxf3 e6 15. Na4 d6 $15 {[%csl Gh7] with advantage in the endgame.}) 13. Nd5
d6 14. Bg3 (14. Nc7+ $2 {Postny} Kd8 15. Nxa8 Bg4 {[%csl Ye2,Rf1,Rf3][%cal
Gh4h1]} 16. g3 Qh5 17. Qg2 Bh3 $19) 14... Ne5 15. Qxf8+ Kxf8 16. Bxh4 $11 {
-see comments to 0-1 Moradiabadi,E-Eljanov,P/Dubai 2004/CBM 101/[Postny] (57)
After an exciting battle in the opening the position has settled to an
approximately equal endgame.}) 7... e5 {That is the most natural and safe
continuation-the pawn structure is solid now, so he can comfortably complete
the development.} ({However,} 7... Ng4 {is no less popular in the modern
practice nad also looks playable:} 8. g3 Nxf3+ 9. Qxf3 Ne5 10. Qe2 (10. Qd1 e6
11. f4 Nc6 12. e5 d5 13. exd6 Bxd6 14. Nd5 Qd8 15. Bg2 O-O 16. Ne3 Qd7 17. Qf3
Rb8 18. Nc4 Bc7 19. d3 Nd4 20. Qf2 b6 $15 {0-1 Sutovsky,E-McShane,L/Malmo 2003/
CBM 95 (50)}) 10... e6 11. Bg2 d6 12. b3 Be7 13. Bb2 Nc6 14. Nd1 Nd4 15. Qd3
Bf6 16. c3 Nc6 17. Ne3 O-O 18. Ng4 Be7 $11 {0-1 Tiviakov,S-Nakamura,H/Wijk aan
Zee 2004/CBM 99/[Atlas,V] (69)}) 8. Bc4 {White puts the bishop on the most
active position without a tempo, but now the idea of it is to control the
central spot d5.} (8. h3 Nxf3+ 9. Qxf3 d6 10. a4 Be6 11. b3 Be7 12. Bc4 Qa5 13.
Bb2 O-O 14. Re2 $6 Bxc4 15. bxc4 Qb4 16. Nd1 Qxc4 17. Ne3 Qe6 $15 {1/2-1/2
Ivanchuk,V-Kramnik,V/Monte Carlo 2003/CBM 93 ext (61)}) (8. d3 d6 9. Bg5 Be7
10. Bxf6 Bxf6 11. Nd5 Qd8 12. c3 Nxf3+ 13. Qxf3 Bg5 $6 (13... Be6 14. Nxf6+
Qxf6 15. Qxf6 gxf6 $11) 14. d4 cxd4 15. cxd4 exd4 16. Red1 O-O 17. Rxd4 Be6 18.
Rad1 Rc8 19. Bc4 b5 20. Bb3 $14 {1-0 Belkhodja,S-Hausrath,D/Germany 2003/EXT
2004 (36)}) 8... d6 {The most principal and quite the best continuation. The
point is that now white has to waste time for h2-h3 in view of the obvious
threat 9...Bg4.} ({The ''more accurate''} 8... Be7 {allows white to get a
small positional advantage:} 9. d3 d6 10. h3 h6 11. Nd5 Nxd5 12. Bxd5 Nxf3+ 13.
Qxf3 Bg5 14. c3 Qe7 15. Be3 O-O 16. d4 $14 {1-0 Brynell,S-Fries Nielsen,J/
Sweden 2001/EXT 2003 (33)}) 9. h3 (9. Ng5 {can be strongly met by:} h6 $1 10.
Nxf7 Rh7 11. Nd5 Nxd5 12. c3 $1 Nf4 13. cxd4 Be6 14. Nxe5 $1 dxe5 15. d5 $132 {
1-0 Dominguez,L-Radjabov,T/Tripoli LBA 2004/The Week in Chess 503 (45) with a
very sharp play. But it looks like black has a several improvements, as
white's moves in the opening are forced.}) 9... Be6 {That was already played
in several games - black is figting for the central spot d5.} ({Deserves
attention also a quiet:} 9... Be7 $5 10. d3 O-O 11. Bg5 Qd8 {with a long
strategical battle.}) 10. d3 b5 {Now white is forced to swap the bishop on e6,
so black gets control on d5. On the other hand, black's play is a bit
provocative, so white gets some development advantage.} 11. Nxd4 {Tthat
exchange is practically unavoidable, as the knight on d4 is very unpleasant.} (
11. Bxe6 fxe6 12. a4 b4 13. Nxd4 cxd4 14. Na2 a5 15. c3 bxc3 16. bxc3 Be7 17.
cxd4 exd4 $11 {0-1 Oral,T-Kovalev,A/Czechia 2002/EXT 2003 (27)}) 11... cxd4 12.
Bxe6 fxe6 13. Ne2 Be7 {All that was played in Ivanov,Av USA-Van Wely,L/ FIDE
WCH Tripoli LBA 2004. Here the draw was agreed. The following game shows, that
white's chances are slighty better.} 14. c3 $146 {Earlier ot later, white has
to advance this pawn, as black may put pressure over the ''c'' file. More than
that - there is no other active plan, as white's pieces are not ready for
f2-f4.} dxc3 15. Nxc3 ({Interesting was also:} 15. bxc3 $5 O-O 16. a4 Qd7 17.
axb5 axb5 18. Rxa8 Rxa8 19. Qb3 d5 20. Ng3 $14 {keeping on a small edge due to
weak Pe5,Pe6.}) 15... O-O 16. Qb3 Kf7 {That looks a bit ugly, but the queen is
too important piece to defend on the pawn!} (16... Qd7 17. a4 bxa4 18. Rxa4 $14
{[%csl Ra6]}) 17. Bg5 $6 {I don't see much reason in putting the bishop on g5,
as the exchange on f6 is not dangerous for black.} ({Now black is ready to meet
} 17. a4 {with} bxa4 18. Rxa4 Rfb8 19. Qa2 Qb7 20. b4 Bd8 $11 {[%cal Gd8b6]}) (
{More to the point was} 17. Be3 $5 Rab8 18. Rac1 Qd7 19. d4 $14 {with some
advantage.}) 17... Rab8 {Now a2-a4 is not promising anymore.} 18. Rac1 Qd7 $11
{Now white has no useful plan.} 19. Ne2 {In order to push d3-d4. But that
leads only to a simplification.} ({After} 19. Bxf6 Bxf6 {[%cal Gf6d8,Gd8b6]
the bishop can be transfered to b6 and black has no problems.}) 19... Rbc8 {
The rook has made his job on b8,so it takes control on the open file.} 20. d4 (
{Nothing promises:} 20. f4 $6 exf4 21. Nxf4 h6 22. Bxf6 Bxf6 23. Rxc8 Qxc8 24.
Rf1 Re8 $15 {[%cal Gf7g8] and white cannot exploit the weakness of Pe6, while
black's bishop is stronger than the knight.}) 20... Rxc1 21. Rxc1 exd4 22. Nxd4
Rc8 {After exchanging the rooks black will be not worse at all - the weakness
of Pe6 and Pd6 will be not significant. More than that, his king is closer to
the centre, so he has nothing to worry about.} 23. Rd1 (23. Rxc8 Qxc8 24. Nf5
Bf8 $11) 23... Nxe4 $1 {A correct decision. There is no much material on the
board, so white's initiatvie is sufficient only for a draw.} 24. Bxe7 Qxe7 (
24... Kxe7 $143 $6 25. Qe3 d5 26. f3 Nf6 (26... Nc5 27. Re1 b4 28. Qf4 $36) 27.
Re1 Kf7 28. Qe5 $44) 25. Re1 $6 ({It was possible to win the pawn back:} 25.
Qf3+ Nf6 26. Qa3 Rc5 27. Re1 (27. Qxa6 $6 Rd5 $15) 27... Re5 (27... e5 28. Qxa6
Qd7 29. b4 Rd5 30. Nc6 $132) 28. Rc1 Rc5 $11) 25... d5 26. f3 ({Black could
continue the fight:} 26. f3 Rc4 27. fxe4 (27. Qe3 $2 Qc5 $17) 27... Rxd4 28.
exd5 Rxd5 $15 {but it's very hard to make any progress due to weakness of Kf7.}
) 1/2-1/2

[Event "Dallas UTD"]
[Site "Dallas"]
[Date "2004.12.08"]
[Round "2"]
[White "Kujovic, Michal"]
[Black "Moiseenko, Alexander"]
[Result "1-0"]
[WhiteElo "2360"]
[BlackElo "2653"]
[Annotator "Roiz,M"]
[PlyCount "93"]
[EventDate "2004.12.07"]
[EventType "tourn"]
[EventRounds "9"]
[EventCountry "USA"]
[EventCategory "10"]
[SourceTitle "CBM 105"]
[Source "ChessBase"]
[SourceDate "2005.04.11"]
[SourceVersion "1"]
[SourceVersionDate "2005.04.11"]
[SourceQuality "1"]

1. e4 c5 2. Nf3 Nc6 3. Bb5 e6 4. O-O Nge7 5. c3 a6 6. Ba4 c4 {A solid
continuation. Black doesn't weakening his queenside by 6...b5 and prevents
white from creating a strong pawns centre.} ({The modern practice shows, that
black faces some problems in the main line after} 6... b5 7. Bc2 Bb7 8. Qe2 $5)
7. d4 {The main continuation.} ({A several months ago Sergei Rublevsky (who is
one of the biggest experts in 3.Bb5 system!) has defeated Garry Kasparov after
} 7. Qe2 $5 b5 8. Bc2 Ng6 9. b3 Qc7 10. bxc4 Nf4 11. Qe3 bxc4 12. Ba3 Be7 13.
Bxe7 Nxe7 14. Na3 O-O 15. Rab1 f5 16. Qb6 Qxb6 17. Rxb6 fxe4 18. Bxe4 d5 19.
Bc2 $14 {1-0 Rublevsky,S-Kasparov,G/Izmir TUR 2004/The Week in Chess 518 (57)})
7... cxd3 8. Qxd3 Ng6 {A flexible continuation. Black is doing without b7-b5
and waiting with a development of his dark-squared bishop. It can be either
placed on c5 or on e7.} ({The alternatives are:} 8... Qc7) ({and} 8... b5) 9.
Bg5 {That continuation can hardly cause black some problems-the exchange of
the dark-squared bishops is usually favourable for him.} (9. Bxc6 bxc6 10. c4
Be7 11. Nc3 Qc7 12. Be3 c5 13. Rad1 O-O 14. Rd2 f6 15. Rfd1 Rf7 16. Qc2 Bf8 17.
Qa4 Rb8 18. a3 Ne7 19. Ne1 Nc6 $132 {1/2-1/2 Short,N-Shabalov,A/Elista 1998/
CBM 66 ext (42)}) 9... Qc7 {Black is probably looking for a more complicated
play-that's why he avoids an exchange.} ({Possibly was also the simplest} 9...
Be7 $5 10. Bxe7 Qxe7 11. Bxc6 dxc6 12. e5 O-O 13. Nbd2 c5 $11 {with a
comfortable position.}) 10. Nbd2 {White's play is not ambitious at all, and
it's hard to believe that black will face a seriouse problems very soon...} Bc5
({The simplest way to equalize was:} 10... h6 11. Be3 Be7 12. Rfd1 O-O $11) 11.
b4 Ba7 {That move is not a mistake yet, but i don't see any reason for
weakening the important square d6.} ({There was still nothing bad with:} 11...
Be7 12. Bxe7 Ncxe7 13. c4 b6 14. Qe3 O-O $11 {with a normal play for black
after 15...Bb7.}) 12. Nc4 $146 (12. a3 {0-1 Ilgart,J-Berend,F/Avoine 1995/EXT
97 (28)}) 12... O-O 13. Bxc6 Qxc6 $2 {Black doesn't feel the danger! He is not
developed enough, so white easily develops a strong initiative.} (13... bxc6
14. Nd6 $14 {[%csl Rc8]}) ({At the same time, i don't see how white can cause
black problems after} 13... dxc6 $142 14. Rfd1 (14. e5 h6 15. Be3 Rd8 16. Qe4
b5 $1 17. Bxa7 Rxa7 18. Na5 Rd5 $132 {[%csl Re5]}) 14... f6 15. Be3 Bxe3 16.
Qxe3 e5 $11 {[%cal Gc8e6]}) 14. Nfe5 $1 {That's the point! White forces black
to exchange the only defender of the dark squares (Ng6), while the Qc6
couldn't find a safe place on the board!} Qb5 (14... Nxe5 15. Nxe5 Qc7 (15...
Qa4 16. Qg3 Bb8 17. Bf6 g6 18. Ng4 $1 $18) 16. Bf6 $3 $18 gxf6 $140 17. Qg3+
Kh8 18. Nxf7+ Rxf7 19. Qxc7) 15. Nxg6 hxg6 ({After} 15... fxg6 16. Be7 Rf7 17.
Bd6 $16 {[%csl Rc8] black's position is just lost from strategical point of
view, but maybe there were more practical chances?!}) 16. Be7 Re8 ({Maybe
black should sacrifice an exchange after:} 16... d5 17. Bxf8 dxc4 (17... Kxf8
18. exd5 exd5 19. Ne5 Qxd3 20. Nxd3 Bf5 21. Nf4 Rd8 22. Rad1 $18) 18. Qd6 Bd7
19. Be7 Bc6 20. Rfe1 $18 {although white's position should be winning. On the
other hand, black has some active pieces, so white has to play accurately.})
17. a4 Qh5 {That is the only way to avoid an immediate loss of material. But
it doesn't change the valuation...} ({After} 17... Qc6 18. Ne5 Qc7 19. Bd6 Qd8
20. a5 b5 21. axb6 Bxb6 22. c4 Bb7 23. c5 Ba7 24. Rfd1 $18 {black is
completely hopeless.}) 18. Bd6 {[%cal Ga4a5] It's important to block the Pd7.}
b6 {A sad necessity-otherwise after 19.a5 all the qside pieces will be
paralysed.} (18... b5 19. axb5 Qxb5 20. Ra5 Qc6 21. Ne5 Qb6 22. Qf3 $1 f5 23.
Bc5 Qc7 24. Nxg6 $18) 19. Bc7 $1 {Just winning a pawn. Black cannot even play
19...Bb7 now in view of 20.Nd6!} (19. a5 $143 $6 b5 20. Nb6 Bxb6 21. axb6 Bb7
$16) 19... d5 {What else?} 20. exd5 exd5 21. Nxb6 Bxb6 22. Bxb6 {White is a
pawn up, while black has no counterplay. White's plan is creating a passed
pawn on the q-side.} Bb7 {That move is connected with a wrong idea of
transfering the rook to the k-side via e4.} ({Black should trade the queens:} 
22... Qf5 23. Rad1 Qxd3 24. Rxd3 Bb7 $16 {In my opinion, black has a drawish
chances here due to some kind of blackade.}) 23. Rfe1 Re4 {A loss of time.} (
23... Qf5 $142 $16) 24. f3 Rh4 $6 {As it usually happens,such a ''drastic''
decisions lead to a quick loss. White easily prevents any counterplay, while
black's heavy pieces are too far away from the q-side.} ({I would prefer:} 
24... Ree8 $142 25. Bd4 Qf5 {and black is still in the game.}) 25. Bc7 {
Now the only open file ''e'' is also in white's hands.} Rc8 26. Bg3 Rhc4 27.
Be5 Rh4 $2 {It's just unbelievable,but black makes the same mistake twice!} ({
It was necessary to trade the queens:} 27... Qf5 28. Qxf5 (28. Qd2 $5) 28...
gxf5 29. Bd4 Bc6 30. Re5 g6 {and it's not so easy to break black's position.})
28. g4 $1 {Cutting black's rook from the q-side.} Qg5 29. Qe3 Qd8 ({Now the
endgame} 29... Qxe3+ 30. Rxe3 Bc6 {is completely lost. For instance:} 31. Bg3
Rh8 32. Re7 d4 33. cxd4 Bxf3 34. b5 axb5 35. axb5 Rc2 36. Raa7 Bd5 37. b6 Rb2
38. b7 $18) 30. Bd4 $1 $18 {[%cal Ge3e7] It's important to prevent black from
getting some counterplay by 30...d4. Now the penetration of white's heavy
pieces will decide the game.} Rh3 31. Qe7 Rxf3 {A desperation! That sacrifice
doesn't gives black any practical chances.} ({Hopeless was also} 31... Bc6 32.
Qxd8+ Rxd8 33. Kg2 $18 {and the Rh3 is out of play,while white will decide the
game on the q-side.}) 32. Qxb7 Rc7 33. Qxa6 {Black has no pieces for an attack!
} ({Good enough was also} 33. Re8+ Qxe8 34. Qxc7 $18) 33... Qd7 34. Qe2 Qxg4+
35. Qg2 {White is just a heavy piece up, while his q-side pawns cannot be
stopped. The rest is just an agony, as black could resign much earlier.} Qh5
36. Re5 f5 37. Rf1 Rh3 38. Qxd5+ Kh7 39. Re8 Qg4+ 40. Kh1 Qg3 41. Qg8+ Kh6 42.
Qh8+ Kg5 43. Rg1 Qxg1+ 44. Kxg1 Rxh8 45. Rxh8 Re7 46. Kf2 Kg4 47. a5 1-0